[Event "SpeedChess Final 2024"]
[Site "Paris FRA"]
[Date "2024.09.07"]
[Round "2.9"]
[White "Nakamura,Hi"]
[Black "Niemann,Hans Moke"]
[Result "0-1"]
[WhiteElo "2802"]
[BlackElo "2733"]

1.Nf3 Nf6 2.e3 c5 3.b3 g6 4.Bb2 Bg7 5.g3 O-O 6.Bg2 d6 7.O-O e5 8.d3 Nc6 9.c4 h6
10.Nc3 Bf5 11.Qe2 Qd7 12.Rfd1 Rae8 13.Qf1 a6 14.a3 Kh7 15.Nd2 Bg4 16.Re1 Ne7
17.b4 cxb4 18.axb4 d5 19.Na4 Nc6 20.Nb6 Qd8 21.Nxd5 Nxd5 22.cxd5 Nxb4 23.Ba3 Nc2
24.Bxf8 Bxf8 25.d6 Bc8 26.Rab1 Nxe1 27.Qxe1 b5 28.Bc6 Re6 29.Ne4 f5 30.Nc5 Rxd6
31.Nb7 Bxb7 32.Bxb7 Rb6 33.Bf3 b4 34.Qd1 Bg7 35.Qb3 a5 36.Qc4 Qd7 37.h4 h5
38.Kg2 Qb5 39.Qf7 Rf6 40.Qe7 b3 41.Rc1 Qb4 42.Qxb4 axb4 43.Rb1 Ra6 44.Rxb3 Bf8
45.e4 Kh6 46.exf5 gxf5 47.Bd5 Bc5 48.Rb2 Ra3 49.Rc2 Bd4 50.Rc6+ Kg7 51.Rc7+ Kf6
52.Rb7 Rxd3 53.Rxb4 Rd2 54.Rb7 e4 55.Kh3 Bxf2 56.Bc4 Bg1  0-1

[Event "SpeedChess Final 2024"]
[Site "Paris FRA"]
[Date "2024.09.07"]
[Round "2.13"]
[White "Nakamura,Hi"]
[Black "Niemann,Hans Moke"]
[Result "1-0"]
[WhiteElo "2802"]
[BlackElo "2733"]

1.Nf3 d5 2.e3 Nf6 3.c4 e6 4.b3 Bd6 5.Bb2 O-O 6.g3 Re8 7.Bg2 c6 8.d3 e5 9.O-O Bg4
10.h3 Bh5 11.Qc2 Nbd7 12.Nc3 Rc8 13.Nh4 d4 14.exd4 exd4 15.Ne4 Nxe4 16.dxe4 Be5
17.Qd2 d3 18.Bxe5 Nxe5 19.f4 Nd7 20.Qxd3 Qb6+ 21.Kh2 Nc5 22.Qc2 f6 23.g4 Bf7
24.Nf5 Rcd8 25.Rad1 Qc7 26.Rxd8 Rxd8 27.Qf2 Ne6 28.Qg3 Rd2 29.e5 fxe5 30.fxe5 Bg6
31.h4 h6 32.h5 Bxf5 33.gxf5 Ng5 34.e6 Qxg3+ 35.Kxg3 Kf8 36.f6 Nxe6 37.Be4 Ng5
38.Bg6 gxf6 39.Rxf6+ Ke7 40.Rf2 Rxf2 41.Kxf2 Kd6 42.Ke3 Ke5 43.Be8 c5 44.a3 b6
45.b4 Ne6 46.Bg6 Nd4 47.bxc5 bxc5 48.Bd3 Ne6 49.Bg6 Nd4 50.Bd3 Nf5+ 51.Kf3 Ng7
52.Kg4 Ne8 53.Kf3 Kd4 54.Bg6 Nd6 55.Kf4 Nxc4 56.Kf5 Nxa3 57.Kf6 c4 58.Kg7 c3
59.Kxh6 c2 60.Bxc2 Nxc2 61.Kg6 a5 62.h6 a4 63.h7 a3 64.h8=Q+ Kc4 65.Kf5 Kb3
66.Qb8+ Kc3 67.Qg8 Kb2 68.Qg7+ Kb3 69.Qf7+ Kb2 70.Qf6+ Kb3 71.Qb6+ Kc3 72.Qc5+ Kb3
73.Qd5+ Kc3 74.Ke4 Kb2 75.Qb5+ Kc3 76.Qa4 Kb2 77.Kd3  1-0

[Event "SpeedChess Final 2024"]
[Site "Paris FRA"]
[Date "2024.09.07"]
[Round "2.8"]
[White "Niemann,Hans Moke"]
[Black "Nakamura,Hi"]
[Result "1-0"]
[WhiteElo "2733"]
[BlackElo "2802"]

1.e4 e5 2.Nf3 Nc6 3.Bb5 a6 4.Ba4 Bc5 5.O-O Nge7 6.c3 Ng6 7.d4 Ba7 8.Be3 O-O
9.Nbd2 d6 10.Re1 Kh8 11.h3 f6 12.Bc2 Nce7 13.Nf1 c6 14.Ng3 Be6 15.Qd2 Qc7
16.h4 Rfd8 17.h5 Nf8 18.Nh4 d5 19.h6 g5 20.Bxg5 fxg5 21.Qxg5 Neg6 22.Qf6+ Kg8
23.Nxg6 hxg6 24.exd5 Bxd5 25.Rxe5 Qf7 26.Qg5 Ne6 27.Rxe6 Qxe6 28.Bf5 Qd6
29.Bxg6 Kh8 30.Nf5 Qf8 31.Re1 Rd7 32.Ne7 Bb8 33.Nxd5 Rxd5 34.Qf6+  1-0

[Event "SpeedChess Final 2024"]
[Site "Paris FRA"]
[Date "2024.09.07"]
[Round "2.29"]
[White "Nakamura,Hi"]
[Black "Niemann,Hans Moke"]
[Result "1-0"]
[WhiteElo "2802"]
[BlackElo "2733"]

1.e4 g6 2.d4 Bg7 3.Nf3 c6 4.Bd3 d5 5.e5 Bg4 6.Nbd2 e6 7.h3 Bxf3 8.Nxf3 Nd7
9.c3 Ne7 10.O-O c5 11.h4 h6 12.Bf4 Nc6 13.Qd2 Qb6 14.Be3 cxd4 15.cxd4 Qb4
16.Qe2 Rc8 17.Rfc1 O-O 18.Rc3 Ne7 19.Qd2 Kh7 20.h5 Rxc3 21.bxc3 Qa5 22.Rb1 Nb6
23.Rb5 Qa4 24.Rb4 Qc6 25.Rb3 Nc4 26.Qe2 b5 27.Nh4 Nf5 28.hxg6+ fxg6 29.Nxg6 Kxg6
30.g4 Kh7 31.gxf5 exf5 32.Qh5 Qd7 33.Bf4 Kh8 34.Kh2 Qc6 35.Rb1 Na3 36.Rg1  1-0

[Event "SpeedChess Final 2024"]
[Site "Paris FRA"]
[Date "2024.09.07"]
[Round "2.17"]
[White "Nakamura,Hi"]
[Black "Niemann,Hans Moke"]
[Result "1-0"]
[WhiteElo "2802"]
[BlackElo "2733"]

1.Nf3 Nf6 2.e3 d5 3.c4 e6 4.b3 Bd6 5.Bb2 O-O 6.d4 b6 7.Bd3 Bb7 8.O-O Nbd7
9.Nc3 Ne4 10.Nb5 Be7 11.cxd5 exd5 12.Rc1 c5 13.dxc5 Ndxc5 14.Be2 a6 15.Nbd4 Bf6
16.Rc2 Rc8 17.Qa1 a5 18.Rfc1 Qd7 19.Nb5 Bxb2 20.Qxb2 Rfe8 21.Nbd4 Nd6 22.a3 Nce4
23.Bf1 g6 24.Ne2 Qe7 25.Nf4 Rxc2 26.Rxc2 Nf5 27.Nd4 Ned6 28.Nxf5 Nxf5 29.Qc1 Qd6
30.Rc7 Ba8 31.Rc8 Qd7 32.Rxe8+ Qxe8 33.Qc3 d4 34.exd4 Qe4 35.Ne2 Bd5 36.Qc7 Bxb3
37.Qxb6 a4 38.Qb8+ Kg7 39.Qe5+ Qxe5 40.dxe5 f6 41.exf6+ Kxf6 42.Nc3 Ke5 43.Bb5 Kd4
44.Nxa4 Nd6 45.Bd7 Nc4 46.h4 Nxa3 47.Nb6 Kc5 48.Ba4 Be6 49.Nd7+ Kb4 50.Nf8 Bg8
51.Bd7 Nc4 52.Be6 Bxe6 53.Nxe6 Ne5 54.Nf8 h5 55.f4 Ng4 56.Nxg6 Kc4 57.g3 Kd4
58.Kg2 Ke4 59.Nf8 Ne3+ 60.Kh3 Kf3 61.Nd7 Nd1 62.Ne5+ Ke4 63.Kg2 Ne3+ 64.Kg1 Nf5
65.Kf2 Ne3 66.Nd7 Ng4+ 67.Ke2 Kf5 68.Nc5 Nh2 69.Nd3 Ng4 70.Nf2 Nf6 71.Kf3 Ne8
72.Nd1 Nd6 73.Ne3+ Ke6 74.g4 hxg4+ 75.Kxg4 Kf6 76.h5 Ne4 77.Nd5+ Ke6 78.Ne3 Kf6
79.Kh4 Kg7 80.Ng4 Nd6 81.Kh3 Nf5 82.Kg2 Kh7 83.Kf3 Ng7 84.h6 Nf5 85.Ke4 Ng3+
86.Ke5 Kg6 87.Ke6 Kh7 88.f5 Ne4 89.Nf6+ Nxf6 90.Kxf6  1-0

[Event "SpeedChess Final 2024"]
[Site "Paris FRA"]
[Date "2024.09.07"]
[Round "2.18"]
[White "Niemann,Hans Moke"]
[Black "Nakamura,Hi"]
[Result "1-0"]
[WhiteElo "2733"]
[BlackElo "2802"]

1.e4 e5 2.Nf3 Nc6 3.Bc4 Bc5 4.d3 Nf6 5.O-O d6 6.Bg5 h6 7.Bh4 a6 8.c3 Ba7
9.a4 g5 10.Bg3 Nh7 11.d4 Qe7 12.Bd5 f6 13.Nbd2 h5 14.dxe5 dxe5 15.Nc4 Nf8
16.h4 g4 17.Ne1 Qh7 18.Ne3 Ne7 19.Nd3 c6 20.Ba2 Ne6 21.Nc4 Ng8 22.Nd6+ Ke7
23.Nxe5 fxe5 24.Bxe5 Nh6 25.Nxc8+  1-0

[Event "SpeedChess Final 2024"]
[Site "Paris FRA"]
[Date "2024.09.07"]
[Round "2.19"]
[White "Nakamura,Hi"]
[Black "Niemann,Hans Moke"]
[Result "1/2-1/2"]
[WhiteElo "2802"]
[BlackElo "2733"]

1.Nf3 d5 2.e3 Nf6 3.c4 e6 4.b3 Bd6 5.Bb2 O-O 6.d4 b6 7.Nc3 Bb7 8.Bd3 Nbd7
9.O-O a6 10.Qc2 dxc4 11.bxc4 c5 12.d5 exd5 13.Nxd5 Bxd5 14.cxd5 b5 15.Bf5 c4
16.e4 Re8 17.Rfe1 Ne5 18.Nxe5 Bxe5 19.Bxe5 Rxe5 20.Rad1 g6 21.Bh3 Qe8 22.d6 Rxe4
23.Rxe4 Qxe4 24.Qc3 Nd5 25.Qa5 c3 26.d7 c2 27.d8=Q+ Rxd8 28.Qxd8+ Kg7 29.Rf1 Qc4
30.Rc1 Nf4 31.Bg4 Qc3 32.g3 Nd3 33.Rxc2 Qxc2 34.Qd4+ f6 35.Qd7+ Kh6 36.Qd4 Ne5
37.Bd1 Qc4 38.Qd2+ Kg7 39.f4 Qc5+ 40.Kg2 Qc6+ 41.Kg1 Nc4 42.Qd3 Qd6 43.Qxd6 Nxd6
44.Kf2 Kf7 45.Ke3 Nf5+ 46.Ke4 Ke6 47.Bb3+ Kd6 48.Bg8 h6 49.Bf7 Ne7 50.h4 f5+
51.Kd4 a5 52.a3 a4 53.Be8 Nc6+ 54.Kc3 Kc5 55.Bxg6 Ne7 56.Bf7 Nd5+ 57.Kd3 b4
58.Bxd5 Kxd5 59.axb4 h5 60.Kc3 Kc6 61.Kb2 Kb6 62.Ka2 Ka6 63.Kb2 Kb6 64.Ka2 Ka6
65.Kb2 Kb6  1/2-1/2

[Event "SpeedChess Final 2024"]
[Site "Paris FRA"]
[Date "2024.09.07"]
[Round "2.20"]
[White "Niemann,Hans Moke"]
[Black "Nakamura,Hi"]
[Result "0-1"]
[WhiteElo "2733"]
[BlackElo "2802"]

1.e4 e5 2.Nf3 Nc6 3.Bb5 Nf6 4.d3 Bc5 5.Bg5 O-O 6.c3 Be7 7.Nbd2 d6 8.O-O Ng4
9.Bxe7 Qxe7 10.Re1 Nb8 11.h3 Nf6 12.d4 a6 13.Bd3 b6 14.Nf1 Bb7 15.Ng3 g6
16.Qd2 Nbd7 17.b4 Rfe8 18.a3 Kg7 19.Rad1 h6 20.Nh4 Qf8 21.f4 Rad8 22.fxe5 dxe5
23.d5 c6 24.c4 b5 25.d6 bxc4 26.Bxc4 c5 27.Nhf5+ gxf5 28.Nxf5+ Kh7 29.Bxf7 Qxf7
30.Qxh6+ Kg8 31.Re3 Qh7 32.Ne7+ Kf7 33.Qxh7+ Nxh7 34.Rc3 cxb4 35.Rc7 Bxe4
36.axb4 Nhf6  0-1

[Event "SpeedChess Final 2024"]
[Site "Paris FRA"]
[Date "2024.09.07"]
[Round "2.21"]
[White "Nakamura,Hi"]
[Black "Niemann,Hans Moke"]
[Result "0-1"]
[WhiteElo "2802"]
[BlackElo "2733"]

1.Nf3 b6 2.e4 Bb7 3.Nc3 e6 4.d4 Bb4 5.Bd3 Nf6 6.e5 Ne4 7.O-O Nxc3 8.bxc3 Bxc3
9.Rb1 Nc6 10.Ba3 Nxd4 11.Nxd4 Bxd4 12.Be4 Bxe4 13.Qxd4 Bc6 14.Qg4 g6 15.Bc1 f5
16.Qg3 Kf7 17.Bg5 Qf8 18.Rfd1 Qc5 19.Bf6 Rhg8 20.Qh4 h5 21.Qf4 g5 22.Qg3 h4
23.Qd3 Qd5 24.Qf1 Qe4 25.h3 g4 26.Re1 Qf4 27.Bxh4 gxh3 28.Bg3 Qg4 29.gxh3 Qf3
30.Kh2 f4 31.Rb3 fxg3+ 32.fxg3 Qxf1 33.Rxf1+ Ke7 34.h4 Raf8 35.Kg1 Rxf1+
36.Kxf1 Bd5 37.Rc3 Bxa2 38.Rxc7 a5 39.Rb7 Bd5 40.Rxb6 Rxg3 41.Kf2 Rg2+ 42.Ke3 Rxc2
43.Ra6 Rc3+ 44.Kf4 Rc4+ 45.Kg5 Re4 46.Rxa5 Rxe5+ 47.Kf4 Rf5+ 48.Kg3 Be4 49.Ra4 d5
50.Kg4 Kf6 51.Ra3 Ke5 52.h5 Kf6 53.Kh4 Bf3 54.h6 Be4 55.Kg4 Rg5+ 56.Kh4 Kg6
57.Ra8 Rh5+ 58.Kg4 Rxh6 59.Kf4 Kf6 60.Rf8+ Ke7 61.Ra8 Rh5 62.Ke3 e5 63.Ra6 Rh3+
64.Kd2 d4 65.Ra5 Kf6 66.Ra7 Rh2+ 67.Kc1 d3 68.Rd7 Ke6 69.Rd8 Bf5 70.Kd1 e4
71.Kc1 e3 72.Re8+ Kd5 73.Rxe3 d2+ 74.Kd1 Bg4+ 75.Kc2 d1=Q+ 76.Kc3 Qd4+ 77.Kb3 Rb2+
78.Ka3 Qb4+  0-1

[Event "SpeedChess Final 2024"]
[Site "Paris FRA"]
[Date "2024.09.07"]
[Round "2.22"]
[White "Niemann,Hans Moke"]
[Black "Nakamura,Hi"]
[Result "0-1"]
[WhiteElo "2733"]
[BlackElo "2802"]

1.e4 e5 2.Nf3 Nc6 3.Bc4 Bc5 4.d3 Nf6 5.O-O d6 6.c3 O-O 7.Re1 h6 8.h3 Bb6
9.Nbd2 a5 10.Bb3 Be6 11.Ba4 Nd7 12.Nf1 f5 13.exf5 Bxf5 14.d4 e4 15.N3h2 d5
16.Ng3 Bg6 17.f3 Nf6 18.Be3 Ne7 19.Rf1 c6 20.fxe4 dxe4 21.Bb3+ Ned5 22.Qd2 Kh7
23.Bxd5 Nxd5 24.Ng4 Qh4 25.Ne2 Bc7 26.Ne5 Bxe5 27.dxe5 Qe7 28.Nf4 Qxe5 29.Nxd5 cxd5
30.Bd4 Qe7 31.a4 Rae8 32.Be3 Qe5 33.b4 axb4 34.cxb4 Qe6 35.b5 Rxf1+ 36.Rxf1 Rc8
37.a5 Rc4 38.Ra1 d4 39.Bxd4 Qd5 40.Be3 Qxb5 41.Qd6 Rc3 42.Bxh6 Rd3 43.Qf8 Kxh6
44.Qh8+ Bh7 45.Rf1 Qc5+ 46.Kh1 Qd6  0-1

[Event "SpeedChess Final 2024"]
[Site "Paris FRA"]
[Date "2024.09.07"]
[Round "2.16"]
[White "Niemann,Hans Moke"]
[Black "Nakamura,Hi"]
[Result "0-1"]
[WhiteElo "2733"]
[BlackElo "2802"]

1.e4 e5 2.Nf3 Nc6 3.Bc4 Bc5 4.d3 d6 5.O-O Nf6 6.c3 O-O 7.Re1 h6 8.Nbd2 Bb6
9.a4 a5 10.h3 Be6 11.b3 Re8 12.Bb2 Ne7 13.Bxe6 fxe6 14.Nc4 Ng6 15.Nxb6 cxb6
16.d4 Qc7 17.c4 Rad8 18.Qd2 Rf8 19.Rad1 Nh5 20.Re3 Nhf4 21.Kh2 d5 22.cxd5 exd5
23.Rc1 Qf7 24.Qc2 dxe4 25.Qxe4 exd4 26.Nxd4 Rde8 27.Qc2 Rxe3 28.fxe3 Nd5
29.Re1 Nb4 30.Qe2 Ne5 31.Bc3 Qc7  0-1

[Event "SpeedChess Final 2024"]
[Site "Paris FRA"]
[Date "2024.09.07"]
[Round "2.24"]
[White "Niemann,Hans Moke"]
[Black "Nakamura,Hi"]
[Result "0-1"]
[WhiteElo "2733"]
[BlackElo "2802"]

1.c4 Nf6 2.Nc3 e6 3.g3 d5 4.Bg2 d4 5.Ne4 Nbd7 6.d3 Bb4+ 7.Bd2 Bxd2+ 8.Qxd2 Nxe4
9.Bxe4 c6 10.Bg2 O-O 11.Nf3 e5 12.O-O Re8 13.b4 a5 14.a3 Qc7 15.c5 Nf6 16.Qb2 Bg4
17.h3 Bh5 18.Rfe1 Nd5 19.b5 Nc3 20.bxc6 bxc6 21.Qb6 Qxb6 22.cxb6 Rab8 23.Nd2 Rxb6
24.g4 Bg6 25.Nc4 Ra6 26.Rac1 f6 27.e3 c5 28.exd4 cxd4 29.f4 Bxd3 30.Nb2  0-1

[Event "SpeedChess Final 2024"]
[Site "Paris FRA"]
[Date "2024.09.07"]
[Round "2.25"]
[White "Nakamura,Hi"]
[Black "Niemann,Hans Moke"]
[Result "1-0"]
[WhiteElo "2802"]
[BlackElo "2733"]

1.Nf3 Nf6 2.e3 g6 3.b3 Bg7 4.Bb2 O-O 5.d4 b6 6.Be2 Bb7 7.O-O d6 8.c4 Nbd7
9.Qc2 Ne4 10.Rd1 a5 11.Nc3 Nxc3 12.Bxc3 f5 13.d5 Bxc3 14.Qxc3 e5 15.dxe6 Nc5
16.Nd4 Qe7 17.Rac1 Rae8 18.a3 Ne4 19.Qb2 Qh4 20.Bf3 g5 21.Nb5 Re7 22.b4 g4
23.Bxe4 Bxe4 24.c5 Rxe6 25.f4 gxf3 26.g3 Rg6 27.Qf2 f4 28.exf4 Rxf4 29.cxd6 Rfg4
30.d7 Rxg3+ 31.Kh1 Rg1+ 32.Rxg1 Qxf2 33.d8=Q+ Kg7 34.Rxc7+ Kh6 35.Qf8+  1-0

[Event "SpeedChess Final 2024"]
[Site "Paris FRA"]
[Date "2024.09.07"]
[Round "2.26"]
[White "Niemann,Hans Moke"]
[Black "Nakamura,Hi"]
[Result "1/2-1/2"]
[WhiteElo "2733"]
[BlackElo "2802"]

1.c3 e5 2.d4 Nc6 3.h3 d5 4.dxe5 Nxe5 5.Nf3 Ng6 6.e4 Nf6 7.exd5 Qxd5 8.Qxd5 Nxd5
9.Bc4 c6 10.Bxd5 cxd5 11.Be3 Be6 12.Nbd2 Bd6 13.Nb3 O-O 14.O-O-O Rfc8 15.Nbd4 a6
16.h4 h5 17.Nxe6 fxe6 18.Ng5 Nf8 19.Kb1 Be7 20.Rhe1 Rc6 21.Nf3 Bf6 22.Bd4 Kf7
23.g3 Ng6 24.Rd3 Re8 25.Rde3 b5 26.a3 a5 27.Bxf6 gxf6 28.Nd4 Rb6 29.f4 e5
30.fxe5 fxe5 31.Rf1+ Kg8 32.Nf5 b4 33.cxb4 axb4 34.a4 b3 35.Rc3 Ra8 36.Rc7 Kh8
37.Nh6 Rf8 38.Rxf8+ Nxf8 39.Nf7+ Kg8 40.Nxe5 Re6 41.Nd3 Re3 42.Rc3 Rxg3 43.a5 Rg1+
44.Nc1 Rg4 45.Rxb3 Rxh4 46.a6 Ra4 47.Ra3 Rxa3 48.bxa3 Nd7 49.a7 Nb6 50.Kc2 h4
51.Kd3 h3 52.Ne2 h2 53.Ng3 Kf7 54.Kd4 Ke6 55.Kc5 Na8 56.a4 Ke5 57.Kc6 d4
58.Kb7 d3 59.Kxa8 d2 60.Kb8 d1=Q 61.a8=Q Qb3+ 62.Qb7 Qxa4 63.Qc7+ Ke6 64.Qc8+ Qd7
65.Qg8+ Qf7 66.Qg4+ Ke7 67.Qh4+ Kd7 68.Qd4+ Ke7 69.Qe5+ Kd7 70.Qd4+ Ke7 71.Qe5+ Kd7
72.Qd4+  1/2-1/2

[Event "SpeedChess Final 2024"]
[Site "Paris FRA"]
[Date "2024.09.07"]
[Round "2.27"]
[White "Nakamura,Hi"]
[Black "Niemann,Hans Moke"]
[Result "1-0"]
[WhiteElo "2802"]
[BlackElo "2733"]

1.Nf3 Nf6 2.e3 b6 3.c4 Bb7 4.b3 g6 5.Bb2 Bg7 6.d4 O-O 7.Be2 d6 8.O-O Ne4
9.Qc2 Nd7 10.Rd1 f5 11.Nc3 e6 12.b4 Qe7 13.a3 g5 14.Ne1 Nxc3 15.Bxc3 g4 16.Rab1 Qh4
17.c5 Nf6 18.Nd3 Ne4 19.c6 Bc8 20.Be1 Qh6 21.Qc1 Bf6 22.Rb3 Bg5 23.Nf4 a6
24.a4 Rf7 25.f3 gxf3 26.Bxf3 Nf6 27.Qa1 Rg7 28.Bf2 Bh4 29.Rf1 Bg5 30.Bg3 Bh4
31.Bxh4 Qxh4 32.Qb2 Qg5 33.b5 a5 34.Rc3 h5 35.Rc2 h4 36.Rcf2 Qh6 37.Kh1 Qg5
38.Qb3 Kf7 39.e4 Ke7 40.Nh3 Qg6 41.e5 Ne8 42.Re2 d5 43.Qa3+ Kf7 44.Nf4 Qg5
45.Bh5+ Kg8 46.Bxe8  1-0

[Event "SpeedChess Final 2024"]
[Site "Paris FRA"]
[Date "2024.09.07"]
[Round "2.28"]
[White "Niemann,Hans Moke"]
[Black "Nakamura,Hi"]
[Result "1/2-1/2"]
[WhiteElo "2733"]
[BlackElo "2802"]

1.e4 e5 2.Nf3 Nc6 3.Bb5 Nf6 4.d3 Bc5 5.c3 O-O 6.Bg5 Re8 7.O-O Be7 8.Nbd2 d6
9.h3 Nh5 10.Be3 Nf6 11.Re1 Bd7 12.d4 Bf8 13.Ba4 h6 14.Nf1 g6 15.Ng3 Bg7 16.Bc2 Kh7
17.Qd2 a6 18.Rad1 Qe7 19.Nh2 Rad8 20.f4 Bc8 21.fxe5 dxe5 22.d5 Nb8 23.c4 c5
24.Rf1 b6 25.a3 a5 26.b4 axb4 27.axb4 Na6 28.Ba4 Bd7 29.Bxd7 Nxd7 30.b5 Nb4
31.Ng4 h5 32.Nh6 f6 33.Nhf5 gxf5 34.Rxf5 Rh8 35.Rxh5+ Kg8 36.Nf5 Qf7 37.Rxh8+ Kxh8
38.Ra1 Nf8 39.Qe2 Nh7 40.Qg4 Bf8 41.h4 Nc2 42.Ra6 Nxe3 43.Nxe3 f5 44.Qxf5 Qxf5
45.Nxf5 Nf6 46.Rxb6 Nxe4 47.Rc6 Nd2 48.b6 Nxc4 49.b7 Na5 50.Rc7 c4 51.d6 Nxb7
52.Rxb7 Bxd6 53.Kh2 Bb8 54.Nh6 Rc8 55.Nf7+ Kg8 56.Ng5 c3 57.h5 e4+ 58.Kh3 Bf4
59.Nxe4 c2 60.Nf6+ Kf8 61.Nh7+ Kg8 62.Nf6+ Kf8 63.Nh7+ Kg8 64.Nf6+  1/2-1/2

[Event "SpeedChess Final 2024"]
[Site "Paris FRA"]
[Date "2024.09.07"]
[Round "2.3"]
[White "Nakamura,Hi"]
[Black "Niemann,Hans Moke"]
[Result "1-0"]
[WhiteElo "2802"]
[BlackElo "2733"]

1.Nf3 d5 2.g3 Nc6 3.d4 Bf5 4.c3 e6 5.Bg2 Be7 6.O-O h5 7.h3 Nf6 8.Bg5 Ne4
9.Bxe7 Qxe7 10.Nbd2 a5 11.a4 g5 12.Ne1 h4 13.g4 Bg6 14.Nxe4 dxe4 15.f3 e5
16.d5 exf3 17.Nxf3 O-O-O 18.Nd2 Qc5+ 19.Rf2 e4 20.Bxe4 Ne5 21.Bg2 Rhe8 22.Nb3 Qb6
23.Nd4 Nc4 24.Qc1 Ne3 25.Bf3 Re5 26.b4 Nxd5 27.bxa5 Qxa5 28.Ra3 c6 29.Rb3 Qc5
30.Qb2 Rd7 31.a5 Nxc3 32.Rxc3 Qxd4 33.a6 Kb8 34.Bxc6 Rc7 35.a7+ Qxa7 36.Rb3 Rc5
37.Bf3 Qa6 38.Kg2 f6 39.Rf1 Bf7 40.Ra1 Qc6 41.Bxc6 R5xc6 42.Re3 Bd5+ 43.Kf2  1-0

[Event "SpeedChess Final 2024"]
[Site "Paris FRA"]
[Date "2024.09.07"]
[Round "2.30"]
[White "Niemann,Hans Moke"]
[Black "Nakamura,Hi"]
[Result "1-0"]
[WhiteElo "2733"]
[BlackElo "2802"]

1.c4 e6 2.Nc3 d5 3.cxd5 exd5 4.d4 a6 5.Bf4 c6 6.e3 Bd6 7.Bg3 Ne7 8.Bd3 Bf5
9.Nf3 Bxd3 10.Qxd3 O-O 11.O-O Bxg3 12.hxg3 Nd7 13.b4 Nf6 14.a4 Ne8 15.b5 Nd6
16.bxc6 bxc6 17.Rfc1 a5 18.Ne2 f6 19.Nf4 Qd7 20.Qc2 Rfc8 21.Nd3 Ne4 22.Nd2 Nxd2
23.Qxd2 Nf5 24.Nc5 Qf7 25.Rab1 Nd6 26.Qd3 f5 27.Rb3 Ne4 28.Qc2 h5 29.Nd3 Rc7
30.Rb6 Rac8 31.Ne5 Qf6 32.Nf3 Qe7 33.Qb2 c5 34.dxc5 Rxc5 35.Rxc5 Qxc5 36.Kh2 Qc3
37.Qb5 Rd8 38.Qe2 Qc4 39.Qb2 Qc3 40.Nd4 Qxb2 41.Rxb2 Nc3 42.Nxf5 Ra8 43.Rb7 Nxa4
44.Rxg7+ Kh8 45.Rg5 Nc3 46.Rxh5+ Kg8 47.Ne7+ Kg7 48.Nxd5 Ne4 49.f3 Nd2 50.Nc7 Ra7
51.Nb5 Ra8 52.Rd5 Nf1+ 53.Kg1 Nxe3 54.Rd7+ Kf6 55.Rd3 Nc4 56.Na3 Ne5 57.Rd4 Rc8
58.Rd5 Ra8 59.g4 Nc6 60.Kf2 Nb4 61.Rb5 Nd3+ 62.Kg3 a4 63.g5+ Kg6 64.Kg4 Nf2+
65.Kf4 Nd3+ 66.Ke3 Ne1 67.Kf2 Nd3+ 68.Kg3 Rd8 69.Ra5 Rd4 70.Nc2 Rc4 71.Ne3 Rb4
72.Ng4 Nf4 73.Ne5+ Kh5 74.g6 Kh6 75.Ra7 Nh5+ 76.Kh2 Rh4+ 77.Kg1 Rb4 78.Rh7+ Kg5
79.g7 Nxg7 80.Rxg7+ Kf6 81.Ra7 Kxe5 82.Kh2 Kf4 83.Kh3 Rc4 84.Rf7+ Ke3 85.Kg3 a3
86.Ra7 Rc3 87.f4 Ke2+ 88.Kh4 Ke3 89.Kg5 Ke4 90.g4 Kd5 91.f5 Rg3 92.f6 Ke6
93.Re7+ Kd6 94.Re1 a2 95.Kf5 Rf3+ 96.Kg6 Re3 97.Ra1 Ra3 98.g5 Ke6 99.f7 Ke7
100.Re1+  1-0

[Event "SpeedChess Final 2024"]
[Site "Paris FRA"]
[Date "2024.09.07"]
[Round "2.7"]
[White "Nakamura,Hi"]
[Black "Niemann,Hans Moke"]
[Result "1-0"]
[WhiteElo "2802"]
[BlackElo "2733"]

1.Nf3 d5 2.e3 Nf6 3.c4 e6 4.b3 Bd6 5.Bb2 O-O 6.g3 b6 7.Bg2 Bb7 8.O-O Nbd7
9.Qe2 Qe7 10.d3 Rfe8 11.Nc3 a6 12.Rac1 Rac8 13.Rfd1 Ba3 14.cxd5 exd5 15.Bxa3 Qxa3
16.Bh3 Qd6 17.d4 Rcd8 18.Qc2 Re7 19.Ne2 c6 20.Nf4 Ne4 21.Nd3 Ndf6 22.b4 g6
23.a4 Kg7 24.a5 b5 25.Nfe5 Ng5 26.Bg2 Rc7 27.Qc5 Nge4 28.Qb6 Ra8 29.f3 Ng5
30.Nf4 Nd7 31.Nxd7 Rxd7 32.Qc5 Qxc5 33.Rxc5 f5 34.e4 dxe4 35.fxe4 Nxe4 36.Bxe4 fxe4
37.Re5 Kg8 38.Kf2 Rf8 39.Ke3 Bc8 40.Rc1 Rd6 41.Kxe4 Bf5+ 42.Ke3 Rfd8 43.d5 cxd5
44.Kd4 Be4 45.Rc7 R6d7 46.Rc6 Kf7 47.Ree6 g5 48.Nh3 g4 49.Nf4 Kg7 50.Rxa6 Rc7
51.Rac6 Rdc8 52.Rxc7+ Rxc7 53.Rxe4  1-0

[Event "SpeedChess Final 2024"]
[Site "Paris FRA"]
[Date "2024.09.07"]
[Round "2.6"]
[White "Niemann,Hans Moke"]
[Black "Nakamura,Hi"]
[Result "1/2-1/2"]
[WhiteElo "2733"]
[BlackElo "2802"]

1.e4 e5 2.Nf3 Nc6 3.Bb5 a6 4.Ba4 Bc5 5.O-O Nge7 6.c3 Ng6 7.d4 Ba7 8.Re1 O-O
9.Be3 d6 10.Nbd2 Bd7 11.h3 Kh8 12.Bc2 h6 13.Nf1 Nh4 14.N1h2 Nxf3+ 15.Nxf3 Qf6
16.dxe5 Nxe5 17.Nxe5 Qxe5 18.Bxa7 Rxa7 19.Qd2 Raa8 20.f4 Qc5+ 21.Kh2 Bc6
22.b4 Qb6 23.a4 Rae8 24.a5 Qb5 25.Bd3 Qh5 26.Qf2 Qg6 27.Re3 Qf6 28.Bc2 g5
29.Rf1 Qxf4+ 30.Qxf4 gxf4 31.Rxf4 f5 32.Ref3 Rg8 33.Rxf5 Bxe4 34.Bxe4 Rxe4
35.Rf7 Re2 36.Rf2 Rxf2 37.Rxf2 Kg7 38.g4 Re8 39.Kg3 Re1 40.h4 d5 41.Kf4 Kf6
42.g5+ hxg5+ 43.Kg4+ Kg6 44.h5+ Kh6 45.Rf6+ Kg7 46.Rg6+ Kf7 47.Rh6 Kg7 48.Rg6+ Kh7
49.Rf6 Kg7 50.Rg6+  1/2-1/2

[Event "SpeedChess Final 2024"]
[Site "Paris FRA"]
[Date "2024.09.07"]
[Round "2.5"]
[White "Nakamura,Hi"]
[Black "Niemann,Hans Moke"]
[Result "1-0"]
[WhiteElo "2802"]
[BlackElo "2733"]

1.Nf3 d5 2.e3 Nf6 3.c4 e6 4.b3 Bd6 5.Bb2 O-O 6.g3 b6 7.Bg2 Bb7 8.O-O Nbd7
9.Qe2 Qe7 10.d3 c5 11.Nc3 a6 12.Rfd1 Rac8 13.Nh4 Bb8 14.cxd5 exd5 15.d4 Qe6
16.Qf1 cxd4 17.exd4 g6 18.Re1 Qd6 19.Qd3 Rfe8 20.Rac1 Nf8 21.Nf3 Ne4 22.Ne5 f6
23.Ng4 f5 24.Ne5 Nd7 25.Ne2 b5 26.f3 Nef6 27.Nf4 Rxc1 28.Rxc1 Qb6 29.Nxd7 Nxd7
30.Ne2 b4 31.Qd2 a5 32.Rd1 Ba6 33.Nc1 f4 34.Re1 Qd8 35.g4 Nf8 36.Bf1 Bxf1
37.Kxf1 Ne6 38.Nd3 Ng5 39.Kg2 h5 40.h3 Kf7 41.Rxe8 Qxe8 42.Ne5+ Bxe5 43.dxe5 Ne6
44.Qxd5 Qd8 45.Qxd8 Nxd8 46.Bc1 hxg4 47.fxg4 g5 48.h4 Ke6 49.hxg5 Kxe5 50.Kf3 Ne6
51.Bb2+ Kd5 52.g6  1-0

[Event "SpeedChess Final 2024"]
[Site "Paris FRA"]
[Date "2024.09.07"]
[Round "2.4"]
[White "Niemann,Hans Moke"]
[Black "Nakamura,Hi"]
[Result "1-0"]
[WhiteElo "2733"]
[BlackElo "2802"]

1.e4 e5 2.Nf3 Nc6 3.Bb5 a6 4.Ba4 Bc5 5.c3 Nge7 6.O-O Ng6 7.d4 Ba7 8.Bg5 f6
9.Be3 O-O 10.Nbd2 Kh8 11.Re1 exd4 12.Nxd4 Nxd4 13.cxd4 d5 14.exd5 Ne7 15.d6 Qxd6
16.Ne4 Qd8 17.Bc2 Bf5 18.Qf3 Qd5 19.Rac1 c6 20.Bf4 Ng6 21.Bg3 Rae8 22.h4 Bxe4
23.Bxe4 Qxd4 24.Rcd1 Qxb2 25.Bd6 f5 26.Bxf8 fxe4 27.Ba3 Qc2 28.Rxe4 Bxf2+
29.Kh2 Rg8 30.h5 Nh4 31.Qe2 Qxe2 32.Rxe2 Bb6 33.Rf1 h6 34.g3 Bc7 35.Kh3 Rd8
36.Be7 Re8 37.gxh4 c5 38.Rf8+  1-0

[Event "SpeedChess Final 2024"]
[Site "Paris FRA"]
[Date "2024.09.07"]
[Round "2.2"]
[White "Niemann,Hans Moke"]
[Black "Nakamura,Hi"]
[Result "1/2-1/2"]
[WhiteElo "2733"]
[BlackElo "2802"]

1.e4 e5 2.Nf3 Nc6 3.Bc4 Bc5 4.d3 Nf6 5.c3 d6 6.O-O h6 7.Re1 O-O 8.Nbd2 Bb6
9.a4 a5 10.h3 Be6 11.Bxe6 fxe6 12.Nc4 Bc5 13.Be3 Bxe3 14.Rxe3 b6 15.Qb3 Qd7
16.Qb5 Rad8 17.Rc1 Rf7 18.b4 Ra8 19.Ra1 Re7 20.Ree1 Ree8 21.Ne3 d5 22.Ng4 Nxg4
23.hxg4 Qd6 24.d4 axb4 25.dxe5 Qc5 26.exd5 exd5 27.cxb4 Qxb5 28.axb5 Rxa1
29.Rxa1 Nxe5 30.Rd1 Nxg4 31.Rxd5 Re2 32.Rd4 Nxf2 33.Rc4 Nd3 34.Rxc7 Nf4 35.Nh4 Re5
36.g4 Rxb5 37.Nf5 h5 38.Rxg7+ Kf8 39.Rc7 Rxb4 40.gxh5 Nxh5 41.Nd6 Ng7 42.Rf7+ Kg8
43.Re7 Rd4 44.Rxg7+ Kxg7 45.Nf5+ Kf6 46.Nxd4 b5 47.Nxb5  1/2-1/2

[Event "SpeedChess Final 2024"]
[Site "Paris FRA"]
[Date "2024.09.07"]
[Round "2.1"]
[White "Nakamura,Hi"]
[Black "Niemann,Hans Moke"]
[Result "1-0"]
[WhiteElo "2802"]
[BlackElo "2733"]

1.Nf3 d5 2.g3 Nf6 3.Bg2 e6 4.c4 Be7 5.O-O O-O 6.b3 b6 7.e3 Bb7 8.Qe2 Nbd7
9.Nc3 Ne4 10.Bb2 Nxc3 11.Bxc3 Nf6 12.d4 Ne4 13.Bb2 c5 14.dxc5 Bxc5 15.Rfd1 Qe7
16.cxd5 Bxd5 17.Ne5 Qb7 18.b4 Bxb4 19.Bxe4 Bxe4 20.Rd7 Qc8 21.Rd4  1-0

[Event "Titled Tue 10th Sep Early"]
[Site "chess.com INT"]
[Date "2024.09.10"]
[Round "1"]
[White "Nakamura,Hi"]
[Black "Villa Tornero,Alex"]
[Result "1-0"]
[WhiteElo "2802"]
[BlackElo "2241"]

1.Nf3 Nf6 2.e3 e6 3.c4 b6 4.b3 Bb7 5.Bb2 Be7 6.g3 d5 7.Bg2 dxc4 8.bxc4 O-O
9.O-O c5 10.Qe2 Nc6 11.Rd1 Qc7 12.Nc3 a6 13.Ne1 Rad8 14.f4 Nb4 15.d3 Bxg2
16.Nxg2 Qb7 17.a3 Nc6 18.Rab1 Na5 19.Ba1 Qc6 20.g4 Rd7 21.g5 Ne8 22.h4 Nd6
23.e4 f5 24.gxf6 gxf6 25.Kh2 f5 26.Rg1 fxe4 27.Ne3+ Kf7 28.Qh5+ Kf6 29.Ncd5+  1-0

[Event "Titled Tue 10th Sep Late"]
[Site "chess.com INT"]
[Date "2024.09.10"]
[Round "1"]
[White "Nakamura,Hi"]
[Black "Dziewonski,Dariusz"]
[Result "1-0"]
[WhiteElo "2802"]
[BlackElo "2251"]

1.Nf3 d5 2.e3 Nf6 3.c4 e6 4.b3 Be7 5.Bb2 O-O 6.g3 b6 7.Bg2 Bb7 8.O-O c5 9.Qe2 Nbd7
10.Nc3 h6 11.Rfd1 Ne4 12.cxd5 exd5 13.d4 Ndf6 14.dxc5 bxc5 15.Nh4 Nxc3 16.Bxc3 Qc8
17.Qf3 Ne4 18.Nf5 Qe6 19.Bxg7 Ng5 20.Qf4 Rfe8 21.Bxh6 f6 22.Nxe7+ Qxe7 23.Bxg5 fxg5
24.Qf5 Qe5 25.Qxe5 Rxe5 26.Rac1 Rc8 27.Rc3 Rc7 28.Rdc1 c4 29.bxc4  1-0